1988 1305 1001 1537 1462 1444 1774 1010 1670 1399 1238 1297 1514 1527 1954 1351 1880 1681 1171 1710 1806 1538 1528 1318 1076 1786 1915 1826 1448 1960 1127 1343 1966 1889 1242 1770 1752 1627 1857 1478 1662 1248 1347 1004 1427 1196 1273 1561 1563 1376 1047 1852 1455 1079 1423 1245 1822 1661 1567 1964 1629 1548 1698 1141 1558 1064 1664 1405 1395 1431 1041 1904 1169 1031 1229 1730 1154 1760 1386 1112 1419 1550 1094 1202 1439 1308 1309 1343 1777 1214 1370 1865 1221 1376 1526 1551 1665 1029 1056 BCNSPRNW ULIB Ver.6.0+V

เปลี่ยนเป็นภาษาไทย

Change to English
 แสดงรายละเอียดบรรณานุกรม
  กลับหน้าหลัก

Brief Record : Get Marc (ISO 2709) : E-mail record : QR code < ปิดหน้าต่าง
LEADER : 00000nam 2200000uu 4500
001    13399108827
003     ULIB
008    110315s2545||||th 000 0 tha d
020    9742947708
060 04 W84.1^bส125ก 2545
245 00 การปฏิรูประบบบริการสุขภาพ ประเทศญี่ปุ่น เกาหลีใต้ ไต้หวันสิงคโปร์ ฟิลิปปินส์ /^cสงวน นิตยารัมภ์พงศ์ ... [และคนอื่นๆ]
250    พิมพ์ครั้งที่ 1
260    นนทบุรี :^bสำนักงานโครงการปฏิรูประบบบริการสาธารณสุข,^c2545
300    216 หน้า ;^c21 ซม.
440  0 ชุดบทเรียนปฏิรูประบบบริการสุขภาพต่างประเทศ ;^vเล่มที่ 2
650  7 การปฏิรูประบบบริการสาธารณสุข^zญี่ปุ่น
650  7 การปฏิรูประบบบริการสาธารณสุข^zเกาหลีใต้
650  7 การปฏิรูประบบบริการสาธารณสุข^zไต้หวัน
650  7 การปฏิรูประบบบริการสาธารณสุข^zสิงคโปร์
650  7 การปฏิรูประบบบริการสาธารณสุข^zฟิลิปปินส์
650  7 อนามัย^xการบริการ^zเอเชียตะวันออกเฉียงใต้
700 0  สงวน นิตยารัมภ์พงศ์
710 2  สำนักงานโครงการปฏิรูประบบบริการสาธารณสุข
945    ^p0^l0^i026716
945    ^p0^l0^i015147
995    ทศพร
999 ^a ใช้งานได้ทุกระบบ
รายการนี้ยังไม่มีแท็ก
คุณยังไม่ได้ล็อกอิน คุณสามารถมีกิจกรรมร่วมกับเว็บไซต์ได้ แต่ต้องล็อกอินก่อน ::
  ล็อกอิน

รายการสื่อสารสนเทศ

ลำดับที่ ประเภท เลขเรียก/บาร์โค้ด สถานที่ สถานะ
- ไม่พบข้อมูล -

BibComment


ยังไม่เคยถูกคอมเมนท์

คอมเมนท์ทรัพยากรรายการนี้
  คอมเมนท์: การปฏิรูประบบบริก..


 Copyright 2026. Bcnsprnw @Library